| 000 | 00972nam0a22002531 4500 | ||
|---|---|---|---|
| 001 | rc\433012 | ||
| 005 | 20030616170839.6 | ||
| 035 | _a(NLR Aleph) 005679611 | ||
| 090 |
_a7060739 _c7060739 |
||
| 100 | _a20030616d1988 u |0rusy50 ca | ||
| 101 | 0 | _arus | |
| 102 | _aRU | ||
| 105 | _ay ||||||||| | ||
| 200 | 1 | _aАвтоматизированные рабочие места управленческого персонала на ПП ЭВМ | |
| 210 |
_aЛ. _cЛДНТП _d1988 |
||
| 215 |
_a28, [3] с. _d22 |
||
| 225 | 1 |
_aСерия "Автоматизация производства и управление на основе применения ЭВМ" _fЛенингр. Дом науч.-техн. пропаганды |
|
| 320 | _aБиблиогр.: с. 30 (12 назв.) | ||
| 700 | 1 |
_aКузьмин _bЛ. Г. _gЛеонид Георгиевич |
|
| 801 | 0 |
_aRU _bNLR _gpsbo |
|
| 801 | 1 |
_aRU _bELAR _2rusmarc |
|
| 852 |
_aNLR _j88-6/7017 |
||
| 942 | _cBOOK | ||
| 980 | _aNB | ||